Catálogo

Manicomio de verdades : (Registro nro. 64186)

Detalles MARC
000 -LEADER
fixed length control field 01382cam a2200361 i 4500
001 - CONTROL NUMBER
control field 64186
003 - CONTROL NUMBER IDENTIFIER
control field Mx-PuUPA
005 - DATE AND TIME OF LATEST TRANSACTION
control field 20251107083154.0
008 - FIXED-LENGTH DATA ELEMENTS--GENERAL INFORMATION
fixed length control field 160429s2021 sp gr 000 0 eng d
017 ## - COPYRIGHT OR LEGAL DEPOSIT NUMBER
Copyright or legal deposit number M-169-2021
020 ## - INTERNATIONAL STANDARD BOOK NUMBER
International Standard Book Number 9788413390475
040 ## - CATALOGING SOURCE
Transcribing agency Mx-PuUPA
Original cataloging agency Mx-PuUPA
Language of cataloging spa
Modifying agency Mx-PuUPA
Description conventions rda
041 1# - LANGUAGE CODE
Language code of text/sound track or separate title spa
Language code of original eng
100 1# - MAIN ENTRY--PERSONAL NAME
Personal name Brague, Rémi,
Dates associated with a name 1947-
Relator term autor
9 (RLIN) 16967
240 10 - UNIFORM TITLE
Uniform title Curing mad truths. Medieval wisdom for the modern age.
Language of a work Español
245 10 - TITLE STATEMENT
Title Manicomio de verdades :
Remainder of title remedios medievales para la era moderna /
Statement of responsibility, etc. Rèmi Brague ; traducción de Consuelo del Val
264 #1 - PRODUCTION, PUBLICATION, DISTRIBUTION, MANUFACTURE, AND COPYRIGHT NOTICE
Place of production, publication, distribution, manufacture Madrid :
Name of producer, publisher, distributor, manufacturer Ediciones Encuentro,
Date of production, publication, distribution, manufacture, or copyright notice 2021
300 ## - PHYSICAL DESCRIPTION
Extent 190 páginas ;
Dimensions 23 cm
336 ## - CONTENT TYPE
Content type term texto
Fuente rdacontent
Content type code txt
337 ## - MEDIA TYPE
Media type term sin medio
Source rdamedia
Media type code n
338 ## - CARRIER TYPE
Carrier type term Volumen
Source rdacarrier
Carrier type code nc
490 0# - SERIES STATEMENT
Series statement Colección Nuevo Ensayo ;
Volume/sequential designation 70
650 #7 - SUBJECT ADDED ENTRY--TOPICAL TERM
Source of heading or term armarc
Topical term or geographic name entry element Antropología teológica
General subdivision Cristianismo
650 #7 - SUBJECT ADDED ENTRY--TOPICAL TERM
Source of heading or term armarc
Topical term or geographic name entry element Civilización medieval
650 #7 - SUBJECT ADDED ENTRY--TOPICAL TERM
Source of heading or term armarc
Topical term or geographic name entry element Filosofía medieval
700 1# - ADDED ENTRY--PERSONAL NAME
Personal name Val, Consuelo Del,
Relator term traductor
765 0# - ORIGINAL LANGUAGE ENTRY
Main entry heading Brague, Rémi, 1947-
Title Curing mad truths. Medieval wisdom for the modern age.
942 ## - ADDED ENTRY ELEMENTS (KOHA)
Source of classification or shelving scheme Dewey Decimal Classification
Koha item type Libro
Classification part 190
Item part B74
Existencias
Withdrawn status Lost status Source of classification or shelving scheme Damaged status Not for loan Collection code Home library Current library Shelving location Date acquired Source of acquisition Total Checkouts Full call number Barcode Date last seen Copy number Price effective from Koha item type Total Renewals Checked out Date last checked out
    Dewey Decimal Classification     General Biblioteca Karol Wojtyla Biblioteca Karol Wojtyla Sala general 03/12/2013 Compra   190 B74 2021 63214 05/01/2026 Ej.2 03/12/2013 Libro      
    Dewey Decimal Classification     Magisterial Biblioteca Karol Wojtyla Biblioteca Karol Wojtyla Sala general 03/12/2013 Compra 1 190 B74 2021 64139 22/10/2025   03/12/2013 Magisterial 1 17/02/2027 22/10/2025